Társadalmi felelősségvállalás a DHL Express Magyarország Kft-nél

Bibliográfiai részletek
Szerző: Rudolf Judit
További közreműködők: Orbán Dr. Gabriella
Dokumentumtípus: Diplomadolgozat
Kulcsszavak:Társadalmi felelősségvállalás
Környezetvédelem
Szállítmányozás
Online Access:http://dolgozattar.uni-bge.hu/3896

MARC

LEADER 00000nta a2200000 i 4500
001 dolg3896
005 20160526135732.0
008 151207suuuu hu om 000 hun d
040 |a BGE Dolgozattár Repozitórium  |b hun 
041 |a hu 
100 1 |a Rudolf Judit 
245 1 0 |a Társadalmi felelősségvállalás a DHL Express Magyarország Kft-nél  |c Rudolf Judit  |h [elektronikus dokumentum] 
695 |a Társadalmi felelősségvállalás 
695 |a Környezetvédelem 
695 |a Szállítmányozás 
700 1 |a Orbán Dr. Gabriella  |e ths 
856 4 0 |u http://dolgozattar.uni-bge.hu/3896/1/Rudolf%20Judit%20-%20T%C3%A1rsadalmi%20felel%C5%91ss%C3%A9gv%C3%A1llal%C3%A1s%20a%20DHL%20Express%20Magyarorsz%C3%A1g%20Kft-n%C3%A9l.pdf  |z Dokumentum-elérés